| 000 | 01258cam a2200349 a 4500 | ||
|---|---|---|---|
| 001 | 1636275 | ||
| 003 | LC | ||
| 005 | 20160314154803.0 | ||
| 008 | 960812s1997 nyu 000 1 eng | ||
| 010 | _a 96038244 | ||
| 020 | _a0385316348 | ||
| 040 |
_aDLC _cDLC _dDLC _dOCoLC _dDLC |
||
| 043 | _an-us-wy | ||
| 050 | 0 | 0 |
_aPS 3569 .T33828 _b.St813 1998 |
| 082 | 0 | 0 |
_aFIC _bSt3r 1997 |
| 100 | 1 |
_aSteel, Danielle. _919098 |
|
| 245 | 1 | 4 |
_aThe ranch / _cDanielle Steel. |
| 260 |
_aNew York : _bDelacorte Press, _c1998. |
||
| 300 |
_a421 p. : _c18 cm. |
||
| 650 | 0 |
_aFemale friendship _vFiction. _919454 |
|
| 650 | 0 |
_aMiddle-aged women _vFiction. _919455 |
|
| 650 | 0 |
_aRanch life _vFiction. _919456 |
|
| 651 | 0 |
_aWyoming _vFiction. _919457 |
|
| 655 | 7 |
_aPsychological fiction. _2lcsh _92883 |
|
| 655 | 7 |
_aLove stories. _2gsafd _92799 |
|
| 856 | 4 | 2 |
_3Publisher description _uhttp://www.loc.gov/catdir/description/random048/96038244.html |
| 856 | 4 | 2 |
_3Contributor biographical information _uhttp://www.loc.gov/catdir/enhancements/fy0703/96038244-b.html |
| 906 |
_a7 _bcbc _corignew _d1 _eocip _f19 _gy-gencatlg |
||
| 942 |
_2lcc _cBK |
||
| 999 |
_c11240 _d11240 |
||